000 01756cam a2200397 a 4500
999 _c127469
_d127469
001 1178705
003 ARRUPE
005 20180124084227.0
008 961115s1994 cg a b 100 0 fre
010 _a 96983455
035 _a(DLC) 96983455
040 _aDLC
_cDLC
_dDLC
041 0 _afreeng
042 _alcode
043 _afb-----
050 0 0 _aBL2462.5
_b.C65 1994
111 2 _aColloque internationale du CERA
_n(4th :
_d1992 :
_cKinshasa)
_938805
245 1 0 _aSectes, cultures et sociétés :
_bles enjeux spirituels du temps présent : quatrième Colloque internationale du C.E.R.A. en collaboration avec la Féderation internationale des universités catholiques (F.I.U.C.) : (Kinshasa 14-21 novembre 1992).
260 _aKinshasa :
_bFacultés catholiques de Kinshasa,
_c1994.
300 _a608 p. :
_bill. ;
_c24 cm.
490 1 _aCahiers des religions afsicaines ;
_vvol. 27-28, 1993-1994, no 53-56
500 _aAt head of title: Centre d'études des religions africaines.
500 _a"Numéro spécial"--Spine.
504 _aIncludes bibliographical references.
546 _aIn French, with some English.
650 0 _aSects
_zAfrica, Sub-Saharan
_xCongresses.
_938806
651 0 _aAfrica, Sub-Saharan
_xReligion
_xCongresses.
_938807
710 2 _aInternational Federation of Catholic Universities.
_938808
710 2 _aFacultés catholiques de Kinshasa.
_bCentre d'études des religions africaines.
_938809
830 0 _aCahiers des religions africaines ;
_vno 53-56.
_938810
906 _a7
_bcbc
_corigode
_d3
_encip
_f19
_gy-gencatlg
942 _2lcc
_cMONOGRAPH